Eastern Utah Libraries Catalog: Duchesne, Heber, Roosevelt, & Vernal

Call the Midwife: (Record no. 398048)

MARC details
000 -LEADER
fixed length control field 06099cgm a2201165 i 4500
001 - CONTROL NUMBER
control field 1431062088
003 - CONTROL NUMBER IDENTIFIER
control field OCoLC
005 - DATE AND TIME OF LATEST TRANSACTION
control field 20241119081505.0
007 - PHYSICAL DESCRIPTION FIXED FIELD--GENERAL INFORMATION
fixed length control field vd cvaizq
008 - FIXED-LENGTH DATA ELEMENTS--GENERAL INFORMATION
fixed length control field 240524s2024 enk566 e vleng d
020 ## - INTERNATIONAL STANDARD BOOK NUMBER
International Standard Book Number 883929820450
024 1# - OTHER STANDARD IDENTIFIER
Standard number or code 883929820450
028 02 - PUBLISHER NUMBER
Publisher number 16812669
028 42 - PUBLISHER NUMBER
Publisher number 1000835289
Source BBC
028 42 - PUBLISHER NUMBER
Publisher number 3000097861
Source BBC
028 42 - PUBLISHER NUMBER
Publisher number 2000185762
Source BBC
028 42 - PUBLISHER NUMBER
Publisher number 2000185763
Source BBC
028 42 - PUBLISHER NUMBER
Publisher number 2000185764
Source BBC
033 21 - DATE/TIME AND PLACE OF AN EVENT
Formatted date/time 2023----
-- 2024----
035 ## - SYSTEM CONTROL NUMBER
System control number (OCoLC)1431062088
037 ## - SOURCE OF ACQUISITION
Source of stock number/acquisition Midwest Tape
Note http://www.midwesttapes.com
040 ## - CATALOGING SOURCE
Language of cataloging eng
Description conventions rda
041 0# - LANGUAGE CODE
Language code of text/sound track or separate title eng
Language code of original and/or intermediate translations of text eng
043 ## - GEOGRAPHIC AREA CODE
Geographic area code e-uk-en
046 ## - SPECIAL CODED DATES
Beginning or single date created 2024
Source of date edtf
092 ## - LOCALLY ASSIGNED DEWEY CALL NUMBER (OCLC)
Classification number dvd
130 0# - MAIN ENTRY--UNIFORM TITLE
Uniform title Call the midwife (Television program).
Number of part/section of a work Season 13.
9 (RLIN) 6489850
245 10 - TITLE STATEMENT
Title Call the Midwife:
Number of part/section of a work Season Thirteen
246 3# - VARYING FORM OF TITLE
Title proper/short title Call the midwife.
Number of part/section of a work Season 13.
257 ## - COUNTRY OF PRODUCING ENTITY FOR ARCHIVAL FILMS
Country of producing entity Great Britain
264 #1 - Production, Publication, Distribution, Manufacture, and Copyright Notice.
Place of production, publication, distribution, manufacture [London] :
Name of producer, publisher, distributor, manufacturer BBC Studios,
Date of production, publication, distribution, manufacture, or copyr [2024]
300 ## - PHYSICAL DESCRIPTION
Extent 3 videodiscs (566 min.) :
Other physical details sound, color ;
Dimensions 4 3/4 in.
336 ## - Content Type
Content type term two-dimensional moving image
337 ## - Media type
Media type term video
338 ## - Carrier type
Carrier type term videodisc
340 ## - PHYSICAL MEDIUM
Dimensions 4 3/4 in.
500 ## - GENERAL NOTE
General note Title from disc surface.
500 ## - GENERAL NOTE
General note Inspired by the memoirs of Jennifer Worth.
500 ## - GENERAL NOTE
General note Originally broadcast as single episodes of a television program in 2023-2024.
500 ## - GENERAL NOTE
General note Anamorphic widescreen (16:9).
500 ## - GENERAL NOTE
General note Special features: behind the scenes featurettes.
501 ## - WITH NOTE
With note series created by Heidi Thomas ; written by Heidi Thomas, Nicola Wilson, Katerina Watson, Chloe Moss, Lisa Holdsworth, Susan Everett, Sally Abbott ; directed by David Tucker, Jo Southwell, David O'Neill, Syd Macartney, John Maidens, Avril Evans, Sarah Esdaille ; produced by Ann Tricklebank ; a Neal Street Production for BBC and PBS.
511 1# - PARTICIPANT OR PERFORMER NOTE
Participant or performer note Jenny Agutter, Linda Bassett, Judy Parfitt, Helen George, Laura Main, Stephen McGann, Cliff Parisi, Annabelle Apsion, Georgie Glen, Megan Cusack, Rebecca Gethings, Zephryn Taitte, Daniel Laurie, Olly Rix, Renee Bailey, Natalie Quarry, Vanessa Redgrave.
520 ## - SUMMARY, ETC.
Summary, etc The midwives of Nonnatus House continue to face complex medical and personal dilemmas as the multi-award-winning drama returns for a thirteenth series. It's 1969 and more babies than ever are being born in hospital. Pressure on maternity beds remains extremely high across the country. However, Poplar is coping better than most due to the popularity of home births under the auspices of the sisters. And a new midwife-training scheme sees Nonnatus House welcome a host of new midwives. The recruits face social problems arising from the docks, concerns among the Nigerian and Sylheti communities and health challenges from Cerebral Palsy, Tetanus and TB.
538 ## - SYSTEM DETAILS NOTE
System details note DVD; region 1, NTSC; anamorphic widescreen (16:9); Dolby Digital 5.1.
546 ## - LANGUAGE NOTE
Language note Subtitled for the deaf and hard of hearing (SDH).
650 #0 - SUBJECT ADDED ENTRY--TOPICAL TERM
Topical term or geographic name as entry element Midwives
Geographic subdivision England
-- London
General subdivision History
Chronological subdivision 20th century
Form subdivision Drama.
9 (RLIN) 6469112
650 #0 - SUBJECT ADDED ENTRY--TOPICAL TERM
Topical term or geographic name as entry element Midwifery
Geographic subdivision England
-- London
Form subdivision Drama.
9 (RLIN) 6437985
650 #0 - SUBJECT ADDED ENTRY--TOPICAL TERM
Topical term or geographic name as entry element Nuns
Geographic subdivision England
-- London
General subdivision History
Chronological subdivision 20th century
Form subdivision Drama.
9 (RLIN) 6469113
650 #0 - SUBJECT ADDED ENTRY--TOPICAL TERM
Topical term or geographic name as entry element Pregnant women
Geographic subdivision England
-- London
General subdivision History
Chronological subdivision 20th century
Form subdivision Drama.
9 (RLIN) 6469114
650 #0 - SUBJECT ADDED ENTRY--TOPICAL TERM
Topical term or geographic name as entry element Convents
Geographic subdivision England
-- London
General subdivision History
Chronological subdivision 20th century
Form subdivision Drama.
9 (RLIN) 6469115
651 #0 - SUBJECT ADDED ENTRY--GEOGRAPHIC NAME
Geographic name East End (London, England)
General subdivision History
Chronological subdivision 20th century
Form subdivision Drama.
9 (RLIN) 6469116
655 #7 - INDEX TERM--GENRE/FORM
Genre/form data or focus term Historical television programs.
Source of term lcgft.
655 #7 - INDEX TERM--GENRE/FORM
Genre/form data or focus term Fiction television programs.
Source of term lcgft.
9 (RLIN) 5673656
655 #7 - INDEX TERM--GENRE/FORM
Genre/form data or focus term Television series.
Source of term lcgft.
655 #7 - INDEX TERM--GENRE/FORM
Genre/form data or focus term Television adaptations.
Source of term lcgft.
9 (RLIN) 5685124
655 #7 - INDEX TERM--GENRE/FORM
Genre/form data or focus term Video recordings for the hearing impaired.
Source of term lcgft.
655 #7 - INDEX TERM--GENRE/FORM
Genre/form data or focus term Émissions historiques télévisées.
Source of term rvmgf.
9 (RLIN) 6448103
655 #7 - INDEX TERM--GENRE/FORM
Genre/form data or focus term Fictions télévisées.
Source of term rvmgf.
9 (RLIN) 6446601
655 #7 - INDEX TERM--GENRE/FORM
Genre/form data or focus term Séries télévisées.
Source of term rvmgf.
9 (RLIN) 6446600
655 #7 - INDEX TERM--GENRE/FORM
Genre/form data or focus term Adaptations télévisées.
Source of term rvmgf.
9 (RLIN) 6465382
655 #7 - INDEX TERM--GENRE/FORM
Genre/form data or focus term Vidéos pour personnes handicapées auditives.
Source of term rvmgf.
9 (RLIN) 6443668
700 1# - ADDED ENTRY--PERSONAL NAME
Personal name Thomas, Heidi,
Dates associated with a name 1962-
Relator term creator,
-- screenwriter.
9 (RLIN) 5789357
700 1# - ADDED ENTRY--PERSONAL NAME
Personal name Tucker, David,
Dates associated with a name 1947 March 28-
Relator term television director.
9 (RLIN) 6489851
700 1# - ADDED ENTRY--PERSONAL NAME
Personal name Southwell, Jo,
Relator term television director.
9 (RLIN) 6489852
700 1# - ADDED ENTRY--PERSONAL NAME
Personal name O'Neill, David
Titles and other words associated with a name (Director),
Relator term television director.
9 (RLIN) 6489853
700 1# - ADDED ENTRY--PERSONAL NAME
Personal name Macartney, Syd,
Dates associated with a name 1954-
Relator term television director.
9 (RLIN) 5789359
700 1# - ADDED ENTRY--PERSONAL NAME
Personal name Maidens, John,
Relator term television director.
9 (RLIN) 6489854
700 1# - ADDED ENTRY--PERSONAL NAME
Personal name Evans, Avril
Titles and other words associated with a name (Director),
Relator term television director.
9 (RLIN) 6489855
700 1# - ADDED ENTRY--PERSONAL NAME
Personal name Esdaille, Sarah,
Relator term television director.
9 (RLIN) 6489856
700 1# - ADDED ENTRY--PERSONAL NAME
Personal name Wilson, Nicola,
Dates associated with a name 1975-
Relator term screenwriter.
9 (RLIN) 6415932
700 1# - ADDED ENTRY--PERSONAL NAME
Personal name Watson, Katerina,
Relator term screenwriter.
9 (RLIN) 6489857
700 1# - ADDED ENTRY--PERSONAL NAME
Personal name Moss, Chloë,
Relator term screenwriter.
9 (RLIN) 6475154
700 1# - ADDED ENTRY--PERSONAL NAME
Personal name Holdsworth, Lisa,
Dates associated with a name 1973-
Relator term screenwriter.
9 (RLIN) 6408636
700 1# - ADDED ENTRY--PERSONAL NAME
Personal name Everett, Susan,
Relator term screenwriter.
9 (RLIN) 6489858
700 1# - ADDED ENTRY--PERSONAL NAME
Personal name Abbott, Sally,
Relator term screenwriter.
9 (RLIN) 6489859
700 1# - ADDED ENTRY--PERSONAL NAME
Personal name Tricklebank, Ann,
Relator term television producer.
9 (RLIN) 6208299
700 1# - ADDED ENTRY--PERSONAL NAME
Personal name Agutter, Jenny,
Relator term actor.
9 (RLIN) 15053
700 1# - ADDED ENTRY--PERSONAL NAME
Personal name Bassett, Linda,
Relator term actor.
9 (RLIN) 75361
700 1# - ADDED ENTRY--PERSONAL NAME
Personal name Parfitt, Judy,
Dates associated with a name 1935-
Relator term actor.
9 (RLIN) 5870563
700 1# - ADDED ENTRY--PERSONAL NAME
Personal name George, Helen,
Dates associated with a name 1984-
Relator term actor.
9 (RLIN) 5898897
700 1# - ADDED ENTRY--PERSONAL NAME
Personal name Main, Laura,
Dates associated with a name 1981-
Relator term actor.
9 (RLIN) 5923515
700 1# - ADDED ENTRY--PERSONAL NAME
Personal name McGann, Stephen,
Relator term actor.
9 (RLIN) 72700
700 1# - ADDED ENTRY--PERSONAL NAME
Personal name Parisi, Cliff,
Dates associated with a name 1960-
Relator term actor.
9 (RLIN) 6489860
700 1# - ADDED ENTRY--PERSONAL NAME
Personal name Apsion, Annabelle,
Relator term actor.
9 (RLIN) 5789349
700 1# - ADDED ENTRY--PERSONAL NAME
Personal name Glen, Georgie,
Relator term actor.
9 (RLIN) 5789355
700 1# - ADDED ENTRY--PERSONAL NAME
Personal name Cusack, Megan,
Relator term actor.
9 (RLIN) 6489861
700 1# - ADDED ENTRY--PERSONAL NAME
Personal name Gethings, Rebecca,
Dates associated with a name 1976-
Relator term actor.
9 (RLIN) 6489862
700 1# - ADDED ENTRY--PERSONAL NAME
Personal name Taitte, Zephryn,
Relator term actor.
9 (RLIN) 6489863
700 1# - ADDED ENTRY--PERSONAL NAME
Personal name Laurie, Daniel,
Relator term actor.
9 (RLIN) 6489864
700 1# - ADDED ENTRY--PERSONAL NAME
Personal name Rix, Olly,
Relator term actor.
9 (RLIN) 6431030
700 1# - ADDED ENTRY--PERSONAL NAME
Personal name Bailey, Renee,
Relator term actor.
9 (RLIN) 6489865
700 1# - ADDED ENTRY--PERSONAL NAME
Personal name Quarry, Natalie,
Relator term actor.
9 (RLIN) 6489866
700 1# - ADDED ENTRY--PERSONAL NAME
Personal name Redgrave, Vanessa,
Dates associated with a name 1937-
Relator term narrator.
9 (RLIN) 27595
700 1# - ADDED ENTRY--PERSONAL NAME
Personal name Worth, Jennifer,
Dates associated with a name 1935-2011.
Title of a work Call the midwife.
9 (RLIN) 5789360
710 2# - ADDED ENTRY--CORPORATE NAME
Corporate name or jurisdiction name as entry element Neal Street Productions,
Relator term production company.
9 (RLIN) 56591
710 2# - ADDED ENTRY--CORPORATE NAME
Corporate name or jurisdiction name as entry element BBC Studios,
Relator term publisher.
9 (RLIN) 6017751
907 ## - LOCAL DATA ELEMENT G, LDG (RLIN)
a .b492395810
942 ## - ADDED ENTRY ELEMENTS (KOHA)
Source of classification or shelving scheme Dewey Decimal Classification
Koha item type DVD
Holdings
Withdrawn status Lost status Source of classification or shelving scheme Materials specified (bound volume or other part) Damaged status Not for loan Collection code Home library Current library Shelving location Date acquired Source of acquisition Serial Enumeration / chronology Total Checkouts Full call number Barcode Date last seen Date checked out Cost, replacement price Price effective from Koha item type
    Dewey Decimal Classification 3 discs     Television Series Wasatch County Library Wasatch County Library Audio Visual Area 01/05/2026 Amazon Season 13 - Call the Midwife 1 TV Series Call the Midwife 34301002176008 01/29/2026 01/27/2026 27.52 01/05/2026 DVD Series
This project was made possible through a grant from the Institute of Museum and Library Service administered by the Utah State Library Division.

Wasatch County Library

  • 465 East 1200 South, Heber City, Utah 84032
  • Phone 435-654-1511 | Fax 435-654-6456

Hours

  • Monday - Friday 9:30 AM - 8:00 PM
  • Saturday 9:30 AM - 1:30 PM
  • Closed Sundays and Holidays